000 00411nam a22001457a 4500
082 _a625.1
_bDES
_cL-18, P-14
100 _aDeshpande R S
_943353
110 _aUnited Book Corporation Poona
_943552
245 _aA Text Book of Railway Engineering
260 _aUnited Book Corporation Poona
300 _a304p,:
_bill.;
526 _a0
_b0
_c0
_d625_100000000000000_DES
650 _aMCE
_9379
942 _2ddc
_cBK
999 _c547346
_d547346